000 004250000a22001690004500
003 MACL
005 20151222121603.0
008 151222b xxu||||| |||| 00| 0 eng d
040 _aMACL
_cMACL
041 _aEnglish
082 _a200/CEL
100 _aGeldner, Karl Friedrich
_921775
245 _aDer Rig Veda
260 _bHarvard University Press
_c1951
_aLondon
650 _aReligion
_921776
942 _cBK
_k200/GEL
_2ddc
999 _c40522
_d40522